000 00782nam a22002297a 4500
003 DO-SdBNP
005 20260302114334.0
007 ta
008 210927b2016 dr ||||| |||| 00| 0 spa d
020 _a9789945893120
040 _aDO-SdBNP
_bspa
_cBNPHU
082 4 _222
_bA185g
100 1 _aAcosta Cuevas, Ariel,
_d1935-
_912029
245 1 0 _aGénesis de los Acosta nacionales /
_cAriel Acosta Cuevas ; prólogo : Teófilo Lappot Robles.
260 _aSanto Domingo :
_bLetra de Tren Editores,
_c2016.
300 _a221 p. :
_bil. ;
_c23 cm.
500 _aIncluye datos biográficos del autor en las solapas
504 _aBibliografía : p. 207-211
590 _aInventariado, 2021 /LP
700 1 _aLappot Robles, Teófilo,
_d1957-
_eprólogo
_974151
942 _2ddc
_cLBS1
999 _c50665
_d50665